000
00452nam a2200169Ia 4500
008
090711s9999 xx 000 0 und d
082
_b
77947
100
_a
पाध्ये भाऊ
245
_a
वासूनाका
260
_c
1995
300
_a
182
600
_a
पाध्ये भाऊ
630
_a
वासूनाका
700
_a
पाध्ये भाऊ
730
_a
वासूनाका
942
_c
BOOK
999
_c
301576
_d
301576